Сущность мифа как философская проблема; 2; Миф как конфигурация опыта сознания - возможности экзистенциально-феноменологической тематизации; Известия Томского политехнического университета [Известия ТПУ]; Т. 308, № 4

Bibliografiske detaljer
Parent link:Известия Томского политехнического университета [Известия ТПУ]/ Томский политехнический университет (ТПУ).— , 2000-
Т. 308, № 4.— 2005.— [С. 200-204]
Hovedforfatter: Осаченко Ю. С.
Summary:Заглавие с титульного листа
Электронная версия печатной публикации
Осуществляется предварительное прояснение возможностей понимания мифа в рамках феноменологической и экзистенциальной онтологии. Прояснение условий возможности адекватной интерпретации мифа предполагает рассмотрение мифа как формы мышления и опыта сознания, обладающей специфической истинностью и личностным (экзистенциальным) измерением. Опыт сознания предстает как сочетание первичных элементов (феноменов созерцания, переживания, мышления) в меняющихся отношениях и комбинациях.
Sprog:russisk
Udgivet: 2005
Serier:Социально-экономические и гуманитарные науки
Fag:
Online adgang:http://www.lib.tpu.ru/fulltext/v/Bulletin_TPU/2005/v308/i4/46.pdf
Format: MixedMaterials Electronisk Book Chapter
KOHA link:https://koha.lib.tpu.ru/cgi-bin/koha/opac-detail.pl?biblionumber=170637

MARC

LEADER 00000nla2a2200000 4500
001 170637
005 20231031163736.0
035 |a (RuTPU)RU\TPU\book\185042 
035 |a RU\TPU\book\185040 
090 |a 170637 
100 |a 20091124d2005 k y0rusy50 ca 
101 0 |a rus 
102 |a RU 
135 |a drnn ---uucaa 
181 0 |a i  
182 0 |a b 
200 1 |a Сущность мифа как философская проблема  |b Электронный ресурс  |h 2  |i Миф как конфигурация опыта сознания - возможности экзистенциально-феноменологической тематизации  |f Ю. С. Осаченко 
203 |a Текст  |c электронный 
215 |a 1 файл (437 Кб) 
225 1 |a Социально-экономические и гуманитарные науки 
230 |a Электронные текстовые данные (1 файл : 437 Кб) 
300 |a Заглавие с титульного листа 
300 |a Электронная версия печатной публикации 
320 |a [Библиогр.: с. 204 (3 назв.)] 
330 |a Осуществляется предварительное прояснение возможностей понимания мифа в рамках феноменологической и экзистенциальной онтологии. Прояснение условий возможности адекватной интерпретации мифа предполагает рассмотрение мифа как формы мышления и опыта сознания, обладающей специфической истинностью и личностным (экзистенциальным) измерением. Опыт сознания предстает как сочетание первичных элементов (феноменов созерцания, переживания, мышления) в меняющихся отношениях и комбинациях. 
337 |a Adobe Reader 
461 1 |0 (RuTPU)RU\TPU\book\176237  |t Известия Томского политехнического университета [Известия ТПУ]  |f Томский политехнический университет (ТПУ)  |d 2000- 
463 1 |0 (RuTPU)RU\TPU\book\184960  |t Т. 308, № 4  |v [С. 200-204]  |d 2005  |p 254 с. 
610 1 |a мифы 
610 1 |a философские проблемы 
610 1 |a конфигурации 
610 1 |a сознание 
610 1 |a экзистенциально-феноменологические тематизации 
610 1 |a феноменологическая онтология 
610 1 |a экзистенциальная онтология 
610 1 |a условия 
610 1 |a интерпретация 
610 1 |a мышление 
610 1 |a первичные элементы 
610 1 |a истинность 
610 1 |a личностное измерение 
610 1 |a феномены 
610 1 |a созерцание 
610 1 |a переживания 
610 1 |a комбинации 
610 1 |a электронный ресурс 
700 1 |a Осаченко  |b Ю. С. 
801 1 |a RU  |b 63413507  |c 20090623  |g PSBO 
801 2 |a RU  |b 63413507  |c 20211012  |g PSBO 
856 4 |u http://www.lib.tpu.ru/fulltext/v/Bulletin_TPU/2005/v308/i4/46.pdf 
942 |c CF